| 000 | 00540pam a2200181 a 4500 | ||
|---|---|---|---|
| 020 | _a0023117508 | ||
| 040 | _cDLC | ||
| 082 | 0 | 0 | _a636 MAC 1988 A105 Or. |
| 100 | 1 | _aTaylor, Robert E. | |
| 245 | 1 | 0 | _aScientific farm animal production / |
| 250 | _a3rd ed. | ||
| 260 |
_aNew York : _bMacmillan ; _aLondon : _bCollier Macmillan, _cc1988. |
||
| 300 |
_axiv, 618, [12] p. of col. plates : _bill. ; _c25 cm. |
||
| 500 | _aBogart's name appears first on the earlier edition. | ||
| 650 | 0 | _aLivestock. | |
| 700 | 1 | _aBogart, Ralph, | |
| 942 | _cEK | ||
| 999 |
_c16125 _d16125 |
||